The Joy of Listening to God : Hearing the Many Ways God Speaks to Us / Joyce Huggett
Record details
- ISBN: 0-87784-729-0
- Physical Description: 240 s.
- Publisher: Downers Grove, Illinois : InterVarsity Press, 1986.
Search for related items by subject
| Subject: | Spiritual life Prayer Contemplation Pentecostalism Bible-Reading Huggett, Joyce, 1937 |
Available copies
- 1 of 1 copy available at Common Catalog SPOK.
Holds
- 0 current holds with 1 total copy.
Show All Copies
| Location | Call Number / Copy Notes | Barcode | Shelving Location | Status | Due Date |
|---|---|---|---|---|---|
| ETS Library | 248.3 | 424470017837 | Volný výběr | Available | - |
| LDR | nam a22 i 4500 | ||
|---|---|---|---|
| 001 | 46642 | ||
| 003 | CZ-PrJAB | ||
| 005 | 20200613091818.0 | ||
| 007 | ta | ||
| 008 | s xr e 000 0 cze | ||
| 020 | . | ‡a0-87784-729-0 | |
| 040 | . | ‡aABG450 ‡bcze ‡erda | |
| 072 | 7. | ‡2Konspekt | |
| 082 | 1 | 4. | ‡a248.3 |
| 100 | 1 | . | ‡aHuggett, Joyce |
| 245 | 1 | 0. | ‡aThe Joy of Listening to God : ‡bHearing the Many Ways God Speaks to Us / ‡nJoyce Huggett |
| 264 | 1. | ‡a Downers Grove, Illinois : ‡bInterVarsity Press, ‡c1986. | |
| 300 | . | ‡a240 s. | |
| 336 | . | ‡atext ‡btxt ‡2rdacontent | |
| 338 | . | ‡asvazek ‡bnc ‡2rdacarrier | |
| 650 | 7. | ‡aSpiritual life | |
| 650 | 7. | ‡aPrayer | |
| 650 | 7. | ‡aContemplation | |
| 650 | 7. | ‡aPentecostalism | |
| 650 | 7. | ‡aBible-Reading | |
| 650 | 7. | ‡aHuggett, Joyce, 1937 | |
| 910 | . | ‡aABG450 | |
| 901 | . | ‡a46642 ‡b ‡c46642 ‡tbiblio | |